000 00991cab a2200277 4500
001 A174
008 090401t1984 xxu||||| |||| 00| 0 eng d
035 _a(Sirsi) u27450
041 _aeng
100 _aAshworth, Allan
245 _aComparing the price books
260 _c1984
350 _a0
490 _aBuilding Technology & Management
_v22(5) May 1984, 14-18(4)
520 _aThe collection, analysis and publication of cost and price information is very important to industry; its financial viability probably depends on good estimating. The usefulness of collected information cannot, therefore, be disregarded, even if some people question the applicability of universal price books.
650 _aBUILT ENVIRONMENT-BUILDING COSTS
650 _aBUILDING PRICE BOOKS
650 _aGRIFFITHS
650 _aHUTCHINS
650 _aLAXTONS
650 _aSPONS
650 _aWESSEX
690 _aBUILT ENVIRONMENT-BUILDING COSTS
942 _n0
948 _c04/03/1997
999 _c18475
_d18475